000 01117cab a22002055a 4500
001 L153770
008 110830e20110826xxk 000 0 eng d
035 _a(Sirsi) u153770
041 0 _aeng
100 1 _aBaker, Kat
245 0 0 _aEurope's dead centres
260 _c2011
490 0 _aProperty Week
_v77(34) 26 August 2011, 30-32(3)
520 _aInvestigates European shopping centres from the Czech Republic to Spain which are languishing after the boom years of the mid 2000s. Centres across Europe are battling with 40% to more than 50% vacancies. Some of the worst cases of mall decline are in the Czech Republic, Romania and Spain. The market for distressed shopping centre assets remains limited as investors seek prime assets. However developers are eyeing opportunites in this sector in Turkey and Russia. Graphic covers Europe's shopping centre explosion from 2005 to 2012 projections.
590 _aKA
651 4 _aEurope
690 _aPROPERTY-COMMERCIAL PROPERTY-COMMERCIAL PROPERTY MARKET
690 _aPROPERTY-COMMERCIAL PROPERTY-COMMERCIAL PROPERTY FINANCE AND INVESTMENT
942 _n0
999 _c83366
_d83366